| 000 | 00807nam a2200241 a 4500 | ||
|---|---|---|---|
| 001 | BRCA_3492 | ||
| 005 | 20190320204316.0 | ||
| 020 | _a9685546088 | ||
| 041 | _aspa | ||
| 044 | _amx | ||
| 050 | 4 |
_aN910.M42 _b.M66 2006 |
|
| 245 | 1 | 0 |
_aMuseo Franz Mayer _b20 años de arte y cultura en México _cfotografía Arturo Chapa. |
| 260 |
_aMéxico _bBanco de México : Arturo Chapa _c2006 |
||
| 300 |
_a373 p. _bil. a color _c34 cm. |
||
| 500 | _aLa biblioteca cuenta con 2 ejemplares | ||
| 504 | _aBibliografía: p. 367-369 | ||
| 610 | 2 | 4 |
_aMuseo Franz Mayer (Ciudad de México) _vCatálogos _zMéxico _99088 |
| 650 | 1 | 4 |
_aArte _zMéxico _99089 |
| 650 | 1 | 4 |
_aArtes decorativas _vExposiciones _zMéxico _99090 |
| 650 | 1 | 4 |
_aArte mexicano _vExposiciones _zMéxico _93390 |
| 700 | 1 |
_aChapa, Arturo _99091 |
|
| 942 |
_2lcc _cB |
||
| 999 |
_c3228 _d3228 |
||